000 00594nam a2200229Ia 4500
003 OSt
005 20220924132723.0
006 a|||||r|||| 00| 0
007 ta
008 220923b |||||||| |||| 00| 0 tam d
024 _a101074
037 _cTextual
040 _aARTS
_cARTS
_btam
041 _2tam
_atam
082 _aV21:1:L, 31J2-;1
100 _aRamachandra V R ed
_9204818
245 0 _aKarnataka rajkkal savistara Carittiram
260 _c1952
650 _aHISTORY
942 _hV21:1:L, 31J2-;1
_cTEXL
_2CC
999 _c431287
_d431287